Statistics for Countries by clue

Click here to take the quiz!

General Stats

  • This quiz has been taken 40 times
  • The average score is 7 of 15

Answer Stats

HintAnswer% Correct
Starts with an OOman
97%
RigaLatvia
92%
Contains the Greenwich time meridianUK
82%
Known as the Emerald IsleIreland
77%
Byelorussia (formerly known)Belarus
72%
BridgetownBarbados
62%
Capital is AsmaraEritrea
49%
Freddie Mercury was born hereTanzania
36%
CasteriesSt lucia
33%
Tongatapu is the main islandTonga
31%
AbidjanCote d'ivoire
26%
Gouldian finchAustralia
10%
French, Arabic (Official languages)Djibouti
8%
Black river gorges national parkMauritius
3%
5.374 million (2015, population)Turkmenistan
0%

Score Distribution

Percentile by Number Answered

Percent of People with Each Score

Your Score History

You have not taken this quiz